José Martí International Airport Destinations (Havana, Cuba) - Map - Statistics

General Stats
  • This quiz has been taken 32 times
  • The average score is 28 of 34
Answers on the Map
Answers color-coded by a green-red scale on the quiz's map according to % correct below.
 
Answer Stats
Destination % Correct
Beijing (Capital)
100%
Cancún
100%
Istanbul
100%
Madrid
100%
Mexico City
100%
Mexico City (AIFA)
100%
Miami
100%
Milan (Malpensa)
100%
Paris (Charles de Gaulle)
100%
Rome (Fiumicino)
100%
Bogotá
96%
Kingston (Norman Manley)
96%
Moscow (Sheremetyevo)
96%
Panama City (Balboa)
96%
Panama City (Tocumen)
96%
Tampa
96%
Caracas
91%
Monterrey
91%
Nassau
91%
Santo Domingo (La Isabela)
91%
Georgetown (Cheddi Jagan)
87%
Luanda
87%
Managua
87%
Mérida
87%
Port-au-Prince
87%
Port of Spain
87%
Paramaribo
78%
Grand Cayman
57%
Santiago de Cuba
57%
Providenciales
52%
Cayo Coco
48%
Baracoa
30%
Nueva Gerona
22%
Valencia (VE)
9%
No matching quizzes found
Score Distribution
Percent of People with Each Score
Percentile by Number Answered
Your Score History
You have not taken this quiz